Statistics for CSKA Moscow Best Scorer By Year

Click here to take the quiz!

General Stats

  • This quiz has been taken 12 times
    (7 since last reset)
  • The average score is 4 of 16

Answer Stats

Player % Correct
Seydou Doumbia
71%
Vágner Love
71%
57%
Nikola Vlašić
43%
Fyodor Chalov
43%
Ahmed Musa
29%
Roman Eremenko
14%
Miloš Krasić
14%
Tomáš Necid
14%
Vitinho
0%
Bibras Natkho
0%
Ivica Olić
0%
Dmitri Kirichenko
0%
Rolan Gusev
0%
Predrag Ranđelović
0%
Vladimir Kulik
0%

Score Distribution

Percentile by Number Answered

Percent of People with Each Score

Your Score History

You have not taken this quiz since the last reset